<?xml version="1.0" encoding="UTF-8"?>
<record
    xmlns:xsi="http://www.w3.org/2001/XMLSchema-instance"
    xsi:schemaLocation="http://www.loc.gov/MARC21/slim http://www.loc.gov/standards/marcxml/schema/MARC21slim.xsd"
    xmlns="http://www.loc.gov/MARC21/slim">

  <leader>00761nam a22001577a 4500</leader>
  <controlfield tag="003">OSt</controlfield>
  <controlfield tag="005">20161026163114.0</controlfield>
  <controlfield tag="008">161026b        xxu||||| |||| 00| 0 eng d</controlfield>
  <datafield tag="040" ind1=" " ind2=" ">
    <subfield code="c">RUA</subfield>
  </datafield>
  <datafield tag="082" ind1=" " ind2=" ">
    <subfield code="a">AGR MEN 2015 B518 Or.</subfield>
  </datafield>
  <datafield tag="100" ind1=" " ind2=" ">
    <subfield code="9">10964</subfield>
    <subfield code="a">MEN PUNLORK;&#x1798;&#x17C9;&#x17C2;&#x1793; &#x200B;&#x200B;&#x1796;&#x1793;&#x17D2;&#x179B;&#x1780;</subfield>
  </datafield>
  <datafield tag="245" ind1=" " ind2=" ">
    <subfield code="a">Effect of soil moisture and soil textural classes on growth and yield of mung bean under high tuunel; &#x17A5;&#x178F;&#x17D2;&#x1792;&#x17B7;&#x1796;&#x179B;&#x179F;&#x17C6;&#x178E;&#x17BE;&#x1798; &#x1793;&#x17B7;&#x1784;&#x200B;&#x179C;&#x17B6;&#x1799;&#x1793;&#x1797;&#x17B6;&#x1796;&#x178A;&#x17B8;&#x179B;&#x17BE;&#x1780;&#x17B6;&#x179A;&#x179B;&#x17BC;&#x178F;&#x179B;&#x17B6;&#x179F;&#x17CB; &#x1793;&#x17B7;&#x1784;&#x1791;&#x17B7;&#x1793;&#x17D2;&#x1793;&#x1795;&#x179B;&#x178A;&#x17C6;&#x178E;&#x17B6;&#x17C6;&#x179F;&#x178E;&#x17D2;&#x178F;&#x17C2;&#x1780;&#x1794;&#x17B6;&#x1799;&#x1780;&#x17D2;&#x179A;&#x17C4;&#x1798;&#x179B;&#x1780;&#x17D2;&#x1781;&#x1781;&#x178E;&#x17D2;&#x178C;&#x1795;&#x17D2;&#x1791;&#x17C7;&#x1794;&#x17D2;&#x179B;&#x17B6;&#x179F;&#x17D2;&#x1791;&#x17B7;&#x1780;</subfield>
  </datafield>
  <datafield tag="260" ind1=" " ind2=" ">
    <subfield code="a">Phnom Penh</subfield>
    <subfield code="b">RUA</subfield>
    <subfield code="c">2015</subfield>
  </datafield>
  <datafield tag="300" ind1=" " ind2=" ">
    <subfield code="a">x;50p;</subfield>
    <subfield code="b">ill;</subfield>
    <subfield code="c">29cm</subfield>
  </datafield>
  <datafield tag="942" ind1=" " ind2=" ">
    <subfield code="2">ddc</subfield>
    <subfield code="c">AGR</subfield>
  </datafield>
  <datafield tag="999" ind1=" " ind2=" ">
    <subfield code="c">10552</subfield>
    <subfield code="d">10552</subfield>
  </datafield>
  <datafield tag="952" ind1=" " ind2=" ">
    <subfield code="0">0</subfield>
    <subfield code="1">0</subfield>
    <subfield code="2">ddc</subfield>
    <subfield code="4">0</subfield>
    <subfield code="6">AGR_MEN_2015_000000000000000_B518_OR_1</subfield>
    <subfield code="7">0</subfield>
    <subfield code="9">54515</subfield>
    <subfield code="a">LBB</subfield>
    <subfield code="b">LBB</subfield>
    <subfield code="c">B518</subfield>
    <subfield code="d">2016-10-26</subfield>
    <subfield code="o">AGR MEN 2015 B518 Or.1</subfield>
    <subfield code="p">RUA062035</subfield>
    <subfield code="r">2016-10-26</subfield>
    <subfield code="w">2016-10-26</subfield>
    <subfield code="y">AGR</subfield>
  </datafield>
  <datafield tag="952" ind1=" " ind2=" ">
    <subfield code="0">0</subfield>
    <subfield code="1">0</subfield>
    <subfield code="2">ddc</subfield>
    <subfield code="4">0</subfield>
    <subfield code="6">AGR_MEN_2015_000000000000000_B518_OR_2</subfield>
    <subfield code="7">0</subfield>
    <subfield code="9">54516</subfield>
    <subfield code="a">LBB</subfield>
    <subfield code="b">LBB</subfield>
    <subfield code="c">B518</subfield>
    <subfield code="d">2016-10-26</subfield>
    <subfield code="o">AGR MEN 2015 B518 Or.2</subfield>
    <subfield code="p">RUA061946</subfield>
    <subfield code="r">2016-10-26</subfield>
    <subfield code="w">2016-10-26</subfield>
    <subfield code="y">AGR</subfield>
  </datafield>
  <datafield tag="952" ind1=" " ind2=" ">
    <subfield code="0">0</subfield>
    <subfield code="1">0</subfield>
    <subfield code="2">ddc</subfield>
    <subfield code="4">0</subfield>
    <subfield code="6">AGR_MEN_2015_000000000000000_B518_OR_3</subfield>
    <subfield code="7">0</subfield>
    <subfield code="9">54517</subfield>
    <subfield code="a">LBB</subfield>
    <subfield code="b">LBB</subfield>
    <subfield code="c">B518</subfield>
    <subfield code="d">2016-10-26</subfield>
    <subfield code="l">2</subfield>
    <subfield code="o">AGR MEN 2015 B518 Or.3</subfield>
    <subfield code="p">RUA062460</subfield>
    <subfield code="r">2022-01-14</subfield>
    <subfield code="s">2021-12-28</subfield>
    <subfield code="w">2016-10-26</subfield>
    <subfield code="y">AGR</subfield>
  </datafield>
  <datafield tag="952" ind1=" " ind2=" ">
    <subfield code="0">0</subfield>
    <subfield code="1">0</subfield>
    <subfield code="2">ddc</subfield>
    <subfield code="4">0</subfield>
    <subfield code="6">AGR_MEN_2015_000000000000000_B518_OR_4</subfield>
    <subfield code="7">0</subfield>
    <subfield code="9">54518</subfield>
    <subfield code="a">LBB</subfield>
    <subfield code="b">LBB</subfield>
    <subfield code="c">B518</subfield>
    <subfield code="d">2016-10-26</subfield>
    <subfield code="o">AGR MEN 2015 B518 Or.4</subfield>
    <subfield code="p">RUA062182</subfield>
    <subfield code="r">2016-10-26</subfield>
    <subfield code="w">2016-10-26</subfield>
    <subfield code="y">AGR</subfield>
  </datafield>
  <datafield tag="952" ind1=" " ind2=" ">
    <subfield code="0">0</subfield>
    <subfield code="1">0</subfield>
    <subfield code="2">ddc</subfield>
    <subfield code="4">0</subfield>
    <subfield code="6">AGR_MEN_2015_000000000000000_B518_OR_5</subfield>
    <subfield code="7">0</subfield>
    <subfield code="9">54519</subfield>
    <subfield code="a">LBB</subfield>
    <subfield code="b">LBB</subfield>
    <subfield code="c">B518</subfield>
    <subfield code="d">2016-10-26</subfield>
    <subfield code="l">1</subfield>
    <subfield code="o">AGR MEN 2015 B518 Or.5</subfield>
    <subfield code="p">RUA062395</subfield>
    <subfield code="r">2017-08-09</subfield>
    <subfield code="s">2017-01-17</subfield>
    <subfield code="w">2016-10-26</subfield>
    <subfield code="y">AGR</subfield>
  </datafield>
  <datafield tag="952" ind1=" " ind2=" ">
    <subfield code="0">0</subfield>
    <subfield code="1">0</subfield>
    <subfield code="2">ddc</subfield>
    <subfield code="4">0</subfield>
    <subfield code="6">AGR_MEN_2015_000000000000000_B518_OR_6</subfield>
    <subfield code="7">0</subfield>
    <subfield code="9">54520</subfield>
    <subfield code="a">LBB</subfield>
    <subfield code="b">LBB</subfield>
    <subfield code="c">B518</subfield>
    <subfield code="d">2016-10-26</subfield>
    <subfield code="o">AGR MEN 2015 B518 Or.6</subfield>
    <subfield code="p">RUA062067</subfield>
    <subfield code="r">2016-10-26</subfield>
    <subfield code="w">2016-10-26</subfield>
    <subfield code="y">AGR</subfield>
  </datafield>
  <datafield tag="952" ind1=" " ind2=" ">
    <subfield code="0">0</subfield>
    <subfield code="1">0</subfield>
    <subfield code="2">ddc</subfield>
    <subfield code="4">0</subfield>
    <subfield code="6">AGR_MEN_2015_000000000000000_B518_OR_7</subfield>
    <subfield code="7">0</subfield>
    <subfield code="9">54521</subfield>
    <subfield code="a">LBB</subfield>
    <subfield code="b">LBB</subfield>
    <subfield code="c">B518</subfield>
    <subfield code="d">2016-10-26</subfield>
    <subfield code="l">3</subfield>
    <subfield code="o">AGR MEN 2015 B518 Or.7</subfield>
    <subfield code="p">RUA062318</subfield>
    <subfield code="r">2019-11-18</subfield>
    <subfield code="s">2019-10-21</subfield>
    <subfield code="w">2016-10-26</subfield>
    <subfield code="y">AGR</subfield>
  </datafield>
  <datafield tag="952" ind1=" " ind2=" ">
    <subfield code="0">0</subfield>
    <subfield code="1">0</subfield>
    <subfield code="2">ddc</subfield>
    <subfield code="4">0</subfield>
    <subfield code="6">AGR_MEN_2015_000000000000000_B518_OR_8</subfield>
    <subfield code="7">0</subfield>
    <subfield code="9">54522</subfield>
    <subfield code="a">LBB</subfield>
    <subfield code="b">LBB</subfield>
    <subfield code="c">B518</subfield>
    <subfield code="d">2016-10-26</subfield>
    <subfield code="o">AGR MEN 2015 B518 Or.8</subfield>
    <subfield code="p">RUA061636</subfield>
    <subfield code="r">2016-10-26</subfield>
    <subfield code="w">2016-10-26</subfield>
    <subfield code="y">AGR</subfield>
  </datafield>
  <datafield tag="952" ind1=" " ind2=" ">
    <subfield code="0">0</subfield>
    <subfield code="1">0</subfield>
    <subfield code="2">ddc</subfield>
    <subfield code="4">0</subfield>
    <subfield code="6">AGR_MEN_2015_000000000000000_B691_OR</subfield>
    <subfield code="7">0</subfield>
    <subfield code="9">86973</subfield>
    <subfield code="a">LBB</subfield>
    <subfield code="b">LBB</subfield>
    <subfield code="c">B691</subfield>
    <subfield code="d">2021-09-29</subfield>
    <subfield code="o">AGR MEN 2015 B691 Or.</subfield>
    <subfield code="p">a10074</subfield>
    <subfield code="r">2021-09-29</subfield>
    <subfield code="w">2021-09-29</subfield>
    <subfield code="y">AGR</subfield>
  </datafield>
  <datafield tag="952" ind1=" " ind2=" ">
    <subfield code="0">0</subfield>
    <subfield code="1">0</subfield>
    <subfield code="2">ddc</subfield>
    <subfield code="4">0</subfield>
    <subfield code="6">AGR_MEN_2015_000000000000000_B691_OR</subfield>
    <subfield code="7">0</subfield>
    <subfield code="9">86974</subfield>
    <subfield code="a">LBB</subfield>
    <subfield code="b">LBB</subfield>
    <subfield code="c">B691</subfield>
    <subfield code="d">2021-10-01</subfield>
    <subfield code="l">2</subfield>
    <subfield code="o">AGR MEN 2015 B691 Or.</subfield>
    <subfield code="p">A066901</subfield>
    <subfield code="r">2026-05-23</subfield>
    <subfield code="s">2026-05-20</subfield>
    <subfield code="w">2021-10-01</subfield>
    <subfield code="y">AGR</subfield>
  </datafield>
</record>
